Dans quelles provinces sont les 50 plus grandes villes du Canada ? - Statistiques

Statistiques générales
  • Ce quiz a été pris 27 fois
  • Le résultat moyen est 29 sur 50
Statistiques - réponses
Hint Réponse % Correct
Montréal Québec
95%
Québec Québec
90%
Toronto Ontario
85%
Laval Québec
85%
Calgary Alberta
80%
Vancouver Colombie Britannique
75%
Ottawa Ontario
75%
London Ontario
70%
Kitchener Ontario
70%
Burlington Ontario
70%
Gatineau Québec
70%
Longueuil Québec
70%
Trois Rivières Québec
70%
Saskatoon Saskatchewan
70%
Edmonton Alberta
65%
Brampton Ontario
65%
Vaughan Ontario
65%
Windsor Ontario
65%
Oshawa Ontario
65%
Cambridge Ontario
65%
Kingston Ontario
65%
Sherbrooke Québec
65%
Winnipeg Manitoba
60%
Halifax Nouvelle Écosse
60%
Barrie Ontario
60%
Milton Ontario
60%
Ajax Ontario
60%
Saguenay Québec
60%
Hamilton Ontario
55%
Oakville Ontario
55%
Grand Sudbury Ontario
55%
St. Catharines Ontario
55%
Lévis Québec
55%
Terrebonne Québec
55%
Mississauga Ontario
50%
Markham Ontario
50%
Richmond Hill Ontario
50%
Guelph Ontario
50%
Waterloo Ontario
50%
Regina Saskatchewan
50%
Burnaby Colombie Britannique
45%
Whitby Ontario
40%
Surrey Colombie Britannique
30%
Coquitlam Colombie Britannique
30%
Kelowna Colombie Britannique
30%
Saint Jean Terre Neuve et Labrador
30%
Richmond Colombie Britannique
20%
Langley Colombie Britannique
20%
Saanich Colombie Britannique
15%
Abottsford Colombie Britannique
10%
Aucun quiz correspondant
Distribution des résultats
% des personnes avec chaque résultat
Percentile par nombre de réponses
Votre historique - résultats
Vous n’avez pas pris ce quiz